<?xml version="1.0" encoding="UTF-8"?>
<record
    xmlns:xsi="http://www.w3.org/2001/XMLSchema-instance"
    xsi:schemaLocation="http://www.loc.gov/MARC21/slim http://www.loc.gov/standards/marcxml/schema/MARC21slim.xsd"
    xmlns="http://www.loc.gov/MARC21/slim">

  <leader>03609nam a2200577Ia 4500</leader>
  <controlfield tag="001">180</controlfield>
  <controlfield tag="008">241029s9999    xx            000 0 und d</controlfield>
  <datafield tag="010" ind1=" " ind2=" ">
    <subfield code="a">157</subfield>
  </datafield>
  <datafield tag="041" ind1=" " ind2=" ">
    <subfield code="a">Espa&#xF1;ol</subfield>
  </datafield>
  <datafield tag="082" ind1=" " ind2=" ">
    <subfield code="a">MGE S15 2012</subfield>
  </datafield>
  <datafield tag="245" ind1=" " ind2="0">
    <subfield code="a">Factores asociados al proceso docente educativo que afecta el desarrollo negativamente, el desarrollo de competencias b&#xE1;sicas y especificas necesarias para que los alumnos de los Polit&#xE9;cnicos y Liceos del Distrito Educativo 10-06 se inserten en el mercado laboral Per&#xED;odo 2008-2010, Santo Domingo Este</subfield>
  </datafield>
  <datafield tag="260" ind1=" " ind2=" ">
    <subfield code="a">Santo Domingo</subfield>
  </datafield>
  <datafield tag="300" ind1=" " ind2=" ">
    <subfield code="a">114</subfield>
  </datafield>
  <datafield tag="520" ind1=" " ind2=" ">
    <subfield code="a">9</subfield>
  </datafield>
  <datafield tag="630" ind1=" " ind2=" ">
    <subfield code="a">Competencias</subfield>
  </datafield>
  <datafield tag="630" ind1=" " ind2=" ">
    <subfield code="a">Docentes</subfield>
  </datafield>
  <datafield tag="630" ind1=" " ind2=" ">
    <subfield code="a">Inserci&#xF3;n Laboral</subfield>
  </datafield>
  <datafield tag="630" ind1=" " ind2=" ">
    <subfield code="a">Orientaci&#xF3;n Profesional</subfield>
  </datafield>
  <datafield tag="650" ind1=" " ind2=" ">
    <subfield code="a">Gesti&#xF3;n Educativa</subfield>
  </datafield>
  <datafield tag="690" ind1=" " ind2=" ">
    <subfield code="a">Sintetizado</subfield>
  </datafield>
  <datafield tag="700" ind1=" " ind2=" ">
    <subfield code="e">asesor</subfield>
    <subfield code="a">Bautista P&#xE9;rez , Juan </subfield>
  </datafield>
  <datafield tag="700" ind1=" " ind2=" ">
    <subfield code="e">autor</subfield>
    <subfield code="a">Santo Nova, Adolfina</subfield>
  </datafield>
  <datafield tag="700" ind1=" " ind2=" ">
    <subfield code="e">autor</subfield>
    <subfield code="a">De los Santos , Carmen A.</subfield>
  </datafield>
  <datafield tag="700" ind1=" " ind2=" ">
    <subfield code="e">autor</subfield>
    <subfield code="a">Santana Almonte , Zunilda S.</subfield>
  </datafield>
  <datafield tag="901" ind1=" " ind2=" ">
    <subfield code="a">{"1":"Santo Nova","2":"De los Santos ","3":"Santana Almonte "}</subfield>
    <subfield code="b">{"1":"Adolfina","2":"Carmen A.","3":"Zunilda S."}</subfield>
  </datafield>
  <datafield tag="902" ind1=" " ind2=" ">
    <subfield code="a">1</subfield>
  </datafield>
  <datafield tag="903" ind1=" " ind2=" ">
    <subfield code="a">{"1":"Bautista P&#xE9;rez "}</subfield>
    <subfield code="b">{"1":"Juan "}</subfield>
  </datafield>
  <datafield tag="904" ind1=" " ind2=" ">
    <subfield code="a">Mag&#xED;ster en</subfield>
  </datafield>
  <datafield tag="905" ind1=" " ind2=" ">
    <subfield code="a">Educaci&#xF3;n Superior</subfield>
  </datafield>
  <datafield tag="906" ind1=" " ind2=" ">
    <subfield code="a">1</subfield>
  </datafield>
  <datafield tag="907" ind1=" " ind2=" ">
    <subfield code="a">Menci&#xF3;n en</subfield>
  </datafield>
  <datafield tag="908" ind1=" " ind2=" ">
    <subfield code="a">Gesti&#xF3;n Educativa</subfield>
  </datafield>
  <datafield tag="909" ind1=" " ind2=" ">
    <subfield code="a">Universidad Nacional Evang&#xE9;lica (UNEV), Recinto Santo Domingo</subfield>
  </datafield>
  <datafield tag="910" ind1=" " ind2=" ">
    <subfield code="a">NULL</subfield>
    <subfield code="b">NULL</subfield>
  </datafield>
  <datafield tag="911" ind1=" " ind2=" ">
    <subfield code="a">["1"]</subfield>
  </datafield>
  <datafield tag="912" ind1=" " ind2=" ">
    <subfield code="a">NO APLICA</subfield>
  </datafield>
  <datafield tag="913" ind1=" " ind2=" ">
    <subfield code="a">NULL</subfield>
  </datafield>
  <datafield tag="914" ind1=" " ind2=" ">
    <subfield code="a">01 de Noviembre de 2012</subfield>
  </datafield>
  <datafield tag="915" ind1=" " ind2=" ">
    <subfield code="a">09/07/15 11:07</subfield>
  </datafield>
  <datafield tag="916" ind1=" " ind2=" ">
    <subfield code="a">NULL</subfield>
  </datafield>
  <datafield tag="917" ind1=" " ind2=" ">
    <subfield code="a">NULL</subfield>
  </datafield>
  <datafield tag="918" ind1=" " ind2=" ">
    <subfield code="a">NO APLICA</subfield>
  </datafield>
  <datafield tag="919" ind1=" " ind2=" ">
    <subfield code="a">["40","70","120","149"]</subfield>
  </datafield>
  <datafield tag="520" ind1=" " ind2=" ">
    <subfield code="a">Los objetivos principales de esta investigaci&#xF3;n consistieron en la identificaci&#xF3;n y descripci&#xF3;n de los factores asociados al proceso docente educativo que afecta negativamente el desarrollo de las competencias tanto b&#xE1;sica como especificas de los alumnos egresados delos polit&#xE9;cnicos, para inserci&#xF3;n en el mercado laboral y determinar el rol que juega la gesti&#xF3;n de los polit&#xE9;cnicos en el desarrollo de las competencias b&#xE1;sicas y especificas para que los alumnos se inserten en el mercado laboral.El dise&#xF1;o de esta investigaci&#xF3;n ha comprendido diferentes m&#xE9;todos entre los que se destacan el hist&#xF3;rico l&#xF3;gico,el an&#xE1;lisis, la s&#xED;ntesis y el m&#xE9;todo inductivo y deductivo. Como instrumento se utiliz&#xF3; la encuesta y la entrevista, para la cual se han estudiado los egresados de los liceos Monse&#xF1;or Juan F&#xE9;lix Pep&#xE9;n, ubicado en el sector de Hainamosa y Profesor Sim&#xF3;n Orozco del sector Invivienda, ambos de la provincia Santo Domingo Este, perteneciente al Distrito 10-06, durante el per&#xED;odo 2008-2010. &#xA0; &#xA0;Se concluy&#xF3; diciendo que a&#xF1;o tras a&#xF1;o &#xA0;se puede ver la gran cantidad de egresados de las diferentes&#xA0;instituciones educativas, encargada de preparar dichos profesionales que no han podido insertarse el mercado laborar a ejercer la carrera t&#xE9;cnica en que han sido formados y que estos estudiantes mucho menos han podido darle continuidad a sus estudios&#xA0; superiores. &#xA0;La Modalidad T&#xE9;cnico Profesional parte de uno de los componentes de la estructura de la educaci&#xF3;n dominica,esa modalidad est&#xE1; orientada a formar j&#xF3;venes profesionales de diversas carreras t&#xE9;cnicas que les permita obtener un empleo r&#xE1;pido que le sirva de apoyo econ&#xF3;mico tanto a ellos como a sus familias, ayudarse con sus estudios superiores y adem&#xE1;s asegurar una mejor calidad de vida. &#xA0;&#xA0;</subfield>
  </datafield>
  <datafield tag="921" ind1=" " ind2=" ">
    <subfield code="a">16</subfield>
  </datafield>
  <datafield tag="922" ind1=" " ind2=" ">
    <subfield code="a">16</subfield>
  </datafield>
  <datafield tag="923" ind1=" " ind2=" ">
    <subfield code="a">0</subfield>
  </datafield>
  <datafield tag="924" ind1=" " ind2=" ">
    <subfield code="a">NO APLICA</subfield>
  </datafield>
  <datafield tag="942" ind1=" " ind2=" ">
    <subfield code="c">Tesis</subfield>
  </datafield>
  <datafield tag="999" ind1=" " ind2=" ">
    <subfield code="c">157</subfield>
    <subfield code="d">157</subfield>
  </datafield>
</record>
